Sústavná príprava dieťaťa na budúce povolanie a nezaopatrenosť dieťaťa na účely dôchodkového zabezpečenia od 1. júla 2002

Nezaopatrenosť dieťaťa. Nezaopatrené dieťa - charakteristika. Deti, ktoré sa nepovažujú za nezaopatrené. Sústavná príprava na budúce povolanie - od 1. júla 2002 sa posudzuje podľa ­ 5 zákona č. 281/2002 Z.z. o prídavku na dieťa a o príspevku k prídavku na dieťa. Štúdium, ktoré sa považuje za sústavn...

Description complète

Enregistré dans:
Détails bibliographiques
Auteur principal: Repáňová, Adriana
Format: Chapitre de livre
Langue:slovaque
Sujets:
Tags: Ajouter un tag
Pas de tags, Soyez le premier à ajouter un tag!

MARC

LEADER 00000naa a2200000 4500
001 r047390
005 20230807083856.3
041 0 |a slo 
044 |a SK 
245 1 0 |a Sústavná príprava dieťaťa na budúce povolanie a nezaopatrenosť dieťaťa na účely dôchodkového zabezpečenia od 1. júla 2002  |c Adriana Repáňová 
520 |a Nezaopatrenosť dieťaťa. Nezaopatrené dieťa - charakteristika. Deti, ktoré sa nepovažujú za nezaopatrené. Sústavná príprava na budúce povolanie - od 1. júla 2002 sa posudzuje podľa ­ 5 zákona č. 281/2002 Z.z. o prídavku na dieťa a o príspevku k prídavku na dieťa. Štúdium, ktoré sa považuje za sústavnú prípravu dieťaťa na budúce povolanie. 
610 2 0 |a deti 
610 2 0 |a príprava na povolanie 
610 2 0 |a štúdium vysokoškolské 
610 2 0 |a školy stredné 
610 2 0 |a zákony 
610 2 0 |a Slovensko 
610 2 0 |a zabezpečenie dôchodkové 
100 1 |a Repáňová, Adriana